000
00322nam a2200133Ia 4500
005
20260326100024.0
008
260326s9999||||xx |||||||||||||| ||und||
100
_a
Gutheim, Frederick
245
0
_a
Alvar Aalto /
_c
Frederick Gutheim
260
_b
George Brazilier
300
_a
128 p.
650
_a
ARQUITECTOS
942
_c
BK
999
_c
6309
_d
6309